| 000 | 00463nam a2200193Ia 4500 | ||
|---|---|---|---|
| 003 | OSt | ||
| 005 | 20220926043235.0 | ||
| 006 | a|||||r|||| 00| 0 | ||
| 007 | ta | ||
| 008 | 220923b |||||||| |||| 00| 0 eng d | ||
| 037 | _cGeneral Book | ||
| 040 |
_aRTL _cRTL _beng |
||
| 041 |
_2eng _aeng |
||
| 082 | _aX65h3n, H7 | ||
| 245 | 0 | _aREGISTER OF registrars | |
| 650 | _aInvestment | ||
| 942 |
_hX65h3n, H7 _cGB _2CC |
||
| 999 |
_c671819 _d671819 |
||